000 00341nam a2200145Ia 4500
008 230711s9999||||xx |||||||||||||| ||und||
041 _aENG
082 _a720
_bST-M
100 _aStoller,Ezra
245 0 _aModern Architecture
250 _a1st Ed.
260 _c1990
_aNew Delhi
_bHarry N.Abrams Inc
650 _aArchitecture
942 _cBK
999 _c4027
_d4027